Human geography : Landscape human activities
The book is organized with five parts. Part I presents concepts and models of spacial interaction and spatial behavior and completes with a consideration of population structures, patterns and change. Part II through IV examines the landscapes of culture and organization resulting from human occupan...
Сохранить в:
| Главный автор: | |
|---|---|
| Формат: | |
| Язык: | Undetermined |
| Опубликовано: |
New York
McGraw-Hill
1999
|
| Предметы: | |
| Метки: |
Добавить метку
Нет меток, Требуется 1-ая метка записи!
|
| Thư viện lưu trữ: | Trung tâm Học liệu Trường Đại học Cần Thơ |
|---|
| LEADER | 01320nam a2200217Ia 4500 | ||
|---|---|---|---|
| 001 | CTU_37723 | ||
| 008 | 210402s9999 xx 000 0 und d | ||
| 020 | |b 389.000đ | ||
| 082 | |a 304.2 | ||
| 082 | |b F321 | ||
| 100 | |a Fellmann, Jerome Donald | ||
| 245 | 0 | |a Human geography : | |
| 245 | 0 | |b Landscape human activities | |
| 245 | 0 | |c Jerome Donald Fellmann, Arthur Getis, Judith Getis | |
| 260 | |a New York | ||
| 260 | |b McGraw-Hill | ||
| 260 | |c 1999 | ||
| 520 | |a The book is organized with five parts. Part I presents concepts and models of spacial interaction and spatial behavior and completes with a consideration of population structures, patterns and change. Part II through IV examines the landscapes of culture and organization resulting from human occupance of the earth and from spatial similarities and differences that occupation has engendered. These include cultural patterns of linguistic, religious, ethnic, folk, and popular geographic differentiation of peoples and societies and those of economic, urban, and political organization space. Part V draws together in sharper focus selected aspects of the human-environmental interface, of the human impact on the natural lanscape. | ||
| 650 | |a Human geography | ||
| 904 | |i Minh, QHieu | ||
| 980 | |a Trung tâm Học liệu Trường Đại học Cần Thơ | ||